00771nam a22002291 450000100060000000300080000600500170001400800400003103500190007103500190009004000320010904100080014108200220014924501590017126000500033030000340038060000410041465000170045570000210047270000230049370000250051621124BD-RjUL20211209000642.0140303s1955 nyuo 000 0 engs a(BD-RjUL)21188 a(OCoLC)1155046 aDLCcOCUdBD-RjULdDLCbeng aeng a940.104bESS 195510aEssays in medieval life and thought :bpresented in honor of Austin Patterson Evans /cEdited by John H. Mundy, Richard W. Emery [and] Benjamin N. Nelson. aNew York :bColumbia University Press,c1955. axviii, 258 p.bill. ;c22 cm.10aEvans, Austin P.q(Austin Patterson) 0aMiddle Ages.1 aMundy, John Hine1 aEmery, Richard W. 1 aNelson, Benjamin N.